Rocks, structure, and geologic history of Steamboat Springs thermal area, Washoe County, Nevada /

Bibliographic Details
Main Authors: White, Donald Edward, 1914-2002 (Author), Sandberg, C. H. (Clarence Harold), 1895- (Author), Thompson, George A. (George Albert), 1919-2017 (Author)
Format: Government Document eBook
Language:English
Published: Washington : United States Department of the Interior, Geological Survey, 1964.
Series:Geological Survey professional paper ; 458-B.
Subjects:
Online Access:https://purl.fdlp.gov/GPO/gpo82089

MARC

Tag First Indicator Second Indicator Subfields
LEADER 00000cam a2200000 i 4500
001 in00003888024
005 20211120182351.0
006 m o d f
007 cr mn|||||||||
008 140929s1964 dcuab ob f001 0 eng c
035 |a (OCoLC)ocn891575082 
040 |a COP  |b eng  |e rda  |e pn  |c COP  |d OCLCO  |d OCLCA  |d GPO  |d MvI  |d UtOrBLW 
042 |a pcc 
043 |a n-us-nv 
049 |a WWW 
074 |a 0624 (online) 
086 0 |a I 19.16:458-B 
100 1 |a White, Donald Edward,  |d 1914-2002,  |e author.  |0 http://id.loc.gov/authorities/names/n80012164 
245 1 0 |a Rocks, structure, and geologic history of Steamboat Springs thermal area, Washoe County, Nevada /  |c by Donald E. White, G. A. Thompson, and C. H. Sandberg. 
264 1 |a Washington :  |b United States Department of the Interior, Geological Survey,  |c 1964. 
300 |a 1 online resource (iv, B63 pages) :  |b illustrations, maps +  |e 5 plates. 
336 |a text  |b txt  |2 rdacontent 
337 |a computer  |b c  |2 rdamedia 
338 |a online resource  |b cr  |2 rdacarrier 
490 1 |a Geological Survey professional paper ;  |v 458-B 
500 |a Title from title screen (viewed September 24, 2014). 
500 |a "Geology and geochemistry of the Steamboat Springs area, Nevada." 
504 |a Includes bibliographical references (pages B61-B62) and index. 
650 0 |a Geology  |z Nevada  |z Washoe County. 
650 0 |a Springs  |z Nevada  |z Washoe County. 
651 0 |a Steamboat Springs (Nev.)  |0 http://id.loc.gov/authorities/subjects/sh2017000327 
651 0 |a Washoe County (Nev.)  |0 http://id.loc.gov/authorities/names/n79109787 
700 1 |a Sandberg, C. H.  |q (Clarence Harold),  |d 1895-  |e author.  |0 http://id.loc.gov/authorities/names/no98107948 
700 1 |a Thompson, George A.  |q (George Albert),  |d 1919-2017,  |e author.  |0 http://id.loc.gov/authorities/names/no98107947 
710 2 |a Geological Survey (U.S.),  |e issuing body.  |0 http://id.loc.gov/authorities/names/n80092173 
776 0 8 |i Print version:  |a White, Donald Edward, 1914-2002.  |t Rocks, structure, and geologic history of Steamboat Springs thermal area, Washoe County, Nevada  |w (DLC) 71605500  |w (OCoLC)64973 
830 0 |a Geological Survey professional paper ;  |v 458-B.  |0 http://id.loc.gov/authorities/names/n42012105 
856 4 0 |u https://purl.fdlp.gov/GPO/gpo82089  |t 0 
999 f f |s 2c662053-ce0f-3e71-9d1a-5a74397e5641  |i 035aff54-9e5a-3ebb-b71f-1f66fa15c163  |t 0 
952 f f |a Texas A&M University  |b College Station  |c Electronic Resources  |d Available Online  |t 0  |e I 19.16:458-B  |h Superintendent of Documents classification 
998 f f |a I 19.16:458-B  |t 0  |l Available Online